| 000 | 00425nam a22001697a 4500 | ||
|---|---|---|---|
| 003 | BD-ChCU | ||
| 005 | 20260430122404.0 | ||
| 008 | 260430b bg ||||| |||| 00| 0 ben d | ||
| 040 | _cBD-ChCU | ||
| 082 | _a591 TIS | ||
| 100 |
_aTinbergen, N. _922149 |
||
| 245 |
_aThe study of instinct.// _cN. Tinbergen, |
||
| 260 |
_aNew York. _bO. U. P. _c1976 |
||
| 300 | _axx, 228p | ||
| 650 | 0 |
_aZoology _922151 |
|
| 942 |
_2ddc _cBK _n0 |
||
| 999 |
_c112553 _d112553 |
||